000 00956nam a22002777a 4500
005 20260408122516.0
008 260408t20152022sp ||||| |||| 00| 0 spa d
020 _a978-84-8473-666-0
040 _aIste
041 _aspa
044 _asp
082 _a612.39
_bM412
100 _aMataix Verdú, José
_cAutor
_eAutor
_99509
245 _aNutrición y alimentación humana:
_bII. situaciones fisiológicas y patológicas
250 _a2a. ed.
_b1a. reimp.
260 _aMadrid - España
_bErgon
_c2022
300 _a1993 páginas,
_bgráficos, ilustraciones, tablas.
650 _aBALANCE ENERGÉTICO E HÍDRICO
_99555
650 _aVALORACIÓN DEL ESTADO NUTICIONAL
_99556
650 _aNUTRICIÓN EN SITUACIONES FISIOLÓGICAS
_99557
650 _aNUTRICIÓN EN SITUACIONES PATOLÓGICAS
_99558
650 _aNUTRICIÓN PARENTERAL
_99497
653 _aTECNOLOGÍA Y CIENCIAS MÉDICAS
653 _aNUTRICIÓN
942 _2udc
_cLB
_zUCat
999 _c1888
_d1888